A carregar...
അക്ബ൪
| Main Authors: | , |
|---|---|
| Formato: | Printed Book |
| Assuntos: |
| LEADER | 00485nam a22001577a 4500 | ||
|---|---|---|---|
| 082 | |b NAR/A | ||
| 100 | |a പി കെ നാരായണപിള്ള |9 85902 | ||
| 100 | |a P K Narayana Pillai |9 85903 | ||
| 240 | |a Akbar | ||
| 245 | |a അക്ബ൪ | ||
| 300 | |a 218p. | ||
| 650 | |a മലയാളം; |9 85904 | ||
| 650 | |a Malayalam; |9 85905 | ||
| 942 | |c BK | ||
| 999 | |c 48820 |d 48820 | ||
| 952 | |0 0 |1 0 |4 0 |6 NAR_A |7 0 |9 57535 |a MAL |b MAL |d 2016-02-29 |e 7254 |l 0 |o NAR/A |p MAL07254 |r 2016-02-29 |t 1 |w 2016-02-29 |y BK | ||